[Event "DSOL 2022"]
[Site "Germany"]
[Date "2022.02.18"]
[Round "2.2"]
[White "Seibt, Manfred"]
[Black "Kaiser, Sebastian"]
[Result "1/2-1/2"]
[WhiteElo "1961"]
[BlackElo "1943"]
[Annotator "ChessBase"]
[PlyCount "95"]
[EventDate "2022.01.31"]
[EventType "team-tourn"]
[EventCountry "GER"]
[SourceTitle "playchess.com"]
[Source "ChessBase"]
[SourceQuality "1"]
[WhiteTeam "SV TuR Dresden"]
[BlackTeam "SC Großröhrsdorf"]
[WhiteTeamCountry "GER"]
[BlackTeamCountry "GER"]
[TimeControl "2700+15"]

1. d4 d5 2. Nf3 c6 3. e3 Nf6 4. Bd3 Bg4 5. Nbd2 e6 6. O-O Nbd7 7. c3 Be7 8. e4 dxe4 9. Nxe4 Nxe4 10. Bxe4 Nf6 11. Bd3 O-O 12. Be2 Qb6 13. Ne5 Bxe2 14. Qxe2 Rad8 15. Be3 Qa5 16. b4 Qc7 17. a3 Nd5 18. Bd2 Bf6 19. Rae1 Bxe5 20. Qxe5 Qxe5 21. Rxe5 Nb6 22. Re2 Nc4 23. Bc1 Rd5 24. f4 Re8 25. Rfe1 h5 26. h3 h4 27. Kf2 g6 28. Kf3 Kg7 29. Kg4 Rh8 30. Kf3 Kf6 31. Ke4 Ra8 32. Kd3 b5 33. Ra2 Nb6 34. Be3 Rh5 35. Bf2 Kg7 36. Re5 Rxe5 37. fxe5 g5 38. Be3 Kg6 39. Rf2 Nd5 40. Bd2 a5 41. c4 bxc4+ 42. Kxc4 axb4 43. axb4 Ra2 44. Kb3 Ra1 45. Kb2 Rd1 46. Kc2 Ra1 47. Kb2 Rd1 48. Kc2 1/2-1/2

[Event "DSOL 2022"]
[Site "Germany"]
[Date "2022.02.18"]
[Round "2.2"]
[White "Ankerst, Milka"]
[Black "Beyerlein, Andreas"]
[Result "1-0"]
[WhiteElo "1931"]
[BlackElo "2169"]
[Annotator "ChessBase"]
[PlyCount "85"]
[EventDate "2022.01.31"]
[EventType "team-tourn"]
[EventCountry "GER"]
[SourceTitle "playchess.com"]
[Source "ChessBase"]
[SourceQuality "1"]
[WhiteTeam "Bayern München II Amazonen"]
[BlackTeam "SC Roter Turm Altstadt"]
[WhiteTeamCountry "SLO"]
[BlackTeamCountry "GER"]
[TimeControl "2700+15"]

1. e4 c5 2. Nf3 Nc6 3. d4 cxd4 4. Nxd4 e6 5. Be2 Nf6 6. Nxc6 bxc6 7. Nc3 Bb4 8. Bd3 O-O 9. O-O Qa5 10. Ne2 d5 11. Ng3 Ba6 12. c3 Bxd3 13. Qxd3 Be7 14. Bd2 Qb6 15. b3 Rfd8 16. e5 Nd7 17. Rae1 a5 18. Kh1 a4 19. b4 c5 20. a3 cxb4 21. cxb4 Rac8 22. f4 g6 23. Ne2 Rc4 24. Be3 Qc7 25. Bd4 Rc8 26. h3 Nb8 27. Rc1 Qb7 28. Kh2 R8c6 29. Rxc4 Rxc4 30. Nc3 Qd7 31. Nd1 Nc6 32. Be3 Bxb4 33. axb4 Nxb4 34. Qa3 Nc2 35. Qa2 a3 36. Rf2 Qa4 37. Bc1 Ne1 38. Qxa3 Qxd1 39. Qa8+ Kg7 40. Ba3 h6 41. Qf8+ Kh7 42. Qxf7+ Kh8 43. Be7 1-0

[Event "DSOL 2022"]
[Site "Germany"]
[Date "2022.02.18"]
[Round "2.2"]
[White "Bluebaum, Matthias"]
[Black "Wilde, Pierre"]
[Result "1-0"]
[WhiteElo "1850"]
[BlackElo "2273"]
[Annotator "ChessBase"]
[PlyCount "45"]
[EventDate "2022.01.31"]
[EventType "team-tourn"]
[EventCountry "GER"]
[SourceTitle "playchess.com"]
[Source "ChessBase"]
[SourceQuality "1"]
[WhiteTeam "SF Deizisau I"]
[BlackTeam "SK Münster"]
[BlackTeamCountry "GER"]
[TimeControl "2700+15"]

1. d4 e6 2. Nc3 d5 3. Bf4 Bd6 4. Qd2 Nf6 5. e3 a6 6. Bd3 c5 7. Bxd6 Qxd6 8. dxc5 Qxc5 9. Nf3 Nc6 10. e4 dxe4 11. Nxe4 Nxe4 12. Bxe4 O-O 13. O-O-O Rb8 14. Qf4 e5 15. Qh4 h6 16. g4 Be6 17. g5 Nb4 18. gxh6 Nxa2+ 19. Kb1 Qb4 20. Rd3 Rfc8 21. hxg7 Kxg7 22. Rg1+ Kf8 23. Ng5 1-0

[Event "DSOL 2022"]
[Site "Germany"]
[Date "2022.02.18"]
[Round "2.2"]
[White "Faldum, Manfred"]
[Black "Dette, Jan"]
[Result "1-0"]
[WhiteElo "1513"]
[BlackElo "2067"]
[Annotator "ChessBase"]
[PlyCount "89"]
[EventDate "2022.01.31"]
[EventType "team-tourn"]
[EventCountry "GER"]
[SourceTitle "playchess.com"]
[Source "ChessBase"]
[SourceQuality "1"]
[WhiteTeam "SF Heidesheim I"]
[BlackTeam "SF Essen-Katernberg"]
[BlackTeamCountry "GER"]
[TimeControl "2700+15"]

1. Nf3 Nf6 2. g3 e6 3. Bg2 d5 4. O-O Bd6 5. d3 h6 6. Re1 O-O 7. e4 dxe4 8. dxe4 e5 9. Nbd2 Be6 10. Qe2 Nc6 11. Nc4 Qe7 12. c3 a5 13. a4 Nd7 14. Ne3 Nb6 15. Nh4 g6 16. Nd5 Bxd5 17. exd5 Nb8 18. Bxh6 Re8 19. Qg4 Kh7 20. Nf5 Qf6 21. Bg5 Qxf5 22. Qh4+ Kg8 23. Be4 Qxg5 24. Qxg5 N8d7 25. h4 Be7 26. Qd2 Nc5 27. Bc2 Rad8 28. b4 Rxd5 29. Qe2 axb4 30. cxb4 Ne6 31. a5 Nd4 32. Qd1 Bxb4 33. axb6 Bxe1 34. Be4 Rb5 35. Qxe1 Rxb6 36. Rd1 Rb2 37. Qa5 b6 38. Qd5 c6 39. Qd7 Ra8 40. Bxc6 Raa2 41. Bd5 Ne2+ 42. Kf1 Nxg3+ 43. fxg3 Rf2+ 44. Kg1 Rab2 45. Rf1 1-0

[Event "DSOL 2022"]
[Site "Germany"]
[Date "2022.02.18"]
[Round "2.3"]
[White "Dautov, Rustem"]
[Black "Baumann, Stephan"]
[Result "1/2-1/2"]
[WhiteElo "2596"]
[BlackElo "2046"]
[Annotator "TA"]
[PlyCount "154"]
[EventDate "2022.01.31"]
[EventType "team-tourn"]
[EventCountry "GER"]
[SourceTitle "playchess.com"]
[Source "ChessBase"]
[SourceQuality "1"]
[WhiteTeam "SF Deizisau I"]
[BlackTeam "SK Mnster"]
[WhiteTeamCountry "GER"]
[BlackTeamCountry "GER"]

{[%evp 11,154,33,29,23,25,-92,-104,-97,-102,-106,-102,-113,-107,-113,-94,-97,-92,-89,-58,-87,-77,-77,-72,-72,-76,-74,-37,-35,-35,-84,-71,-67,-95,-75,-82,-75,-27,-26,-45,-24,-26,-94,-100,-96,-94,-94,-94,-102,-33,-36,-45,-32,0,0,0,0,0,0,0,0,0,0,33,27,93,121,113,3,298,102,98,93,98,94,1099,1122,958,936,1082,981,4434,2605,12818,1477,1658,939,2056,1182,1034,536,876,0,603,0,0,0,0,0,0,0,0,0,0,0,0,0,0,0,0,0,0,0,0,0,0,0,0,0,0,0,0,0,0,0,59,-28000,-28000,-28000,-28000,-28000,-28000,-28000,-28000,-28000,-28000,-28000,-28000,-28000,-28000,-28000,-28000,-28000,-28000,-28000,-28000]} 1. d4 Nf6 {[%cal Bg8f6,Bf6g4,Bg4e5,Be5g6,Bg6f4][%mdl 32]} 2. c4 e5 3. dxe5 Ng4 4. e4 Nxe5 5. f4 Ng6 6. Be3 Bb4+ 7. Nd2 {A52: Budapest Gambit.} Qe7 {[%cal Od7d5]} 8. Bd3 (8. Qc2 $11 {remains equal.}) 8... Qd6 $17 {[%csl LRd3,LRf4]} 9. Qb3 {Black is better.} Bxd2+ 10. Bxd2 Nxf4 11. Bf1 Ne6 {[#]} 12. Nf3 $146 ({Predecessor:} 12. O-O-O Qe7 13. Qg3 Nc6 14. e5 b6 15. Ne2 Bb7 16. Nc3 O-O-O 17. Nd5 Qe8 18. Bd3 {0-1 (67) Galvez Dastin,E (2160)-Celis,J (1810) Istanbul 2012}) 12... Nc6 13. O-O-O a5 {[%cal Ba7a5,Ba5a4][%mdl 32]} 14. e5 Qc5 (14... Nxe5 $2 15. Be3 Qb4 16. Qxb4 (16. Nxe5 Qxb3 17. axb3 d6 $16) 16... axb4 17. Nxe5 $18) 15. Be3 {[#]} a4 $1 16. Qc3 Qb4 17. Qc2 b6 18. Kb1 Bb7 19. a3 $1 Qa5 20. Rd5 (20. h4 $15) 20... Nc5 21. Bxc5 bxc5 22. Qf5 O-O-O {...Ne7 is the strong threat.} 23. Rd1 Rhe8 (23... Nd4 $17 24. Nxd4 cxd4) 24. Qxh7 $11 Nxe5 25. Nxe5 Rxe5 26. Qxg7 (26. Bd3 $1 $11) 26... Re1 $17 27. Bd3 Rxh1 28. Rxh1 Qd2 {[%csl LRd3,LRg2] Prevents Rd1.} 29. Bc2 Bxg2 (29... Qxg2 $17 30. Qxg2 (30. Rg1 Qxh2 31. Bxa4 f5 $17) 30... Bxg2) 30. Rd1 $15 Qe2 31. Qxf7 Be4 (31... Bc6 $5 {[%cal Rd8h8]}) 32. Rc1 Bxc2+ 33. Rxc2 $11 {[%mdl 4096] Endgame KQR-KQR} Qd1+ 34. Rc1 Qd3+ 35. Ka1 Qd2 36. Rh1 d5 37. cxd5 c4 (37... Kb7 $11) 38. Qe6+ $16 Kb8 39. Qc6 (39. d6 $16 Rxd6 40. Qg8+ Kb7 41. Qxc4) 39... Qc2 $2 {[%mdl 8192]} (39... Qxd5 $11 {and Black is okay.} 40. Qxd5 Rxd5) 40. h4 $2 (40. Rf1 $18 {[%cal Od5d6] is more deadly. aiming for d6!} Qb3 41. Rc1) 40... Rd6 41. Qc5 $36 {[%mdl 2048] White is in control.} Rb6 {[%csl Gb6][%cal Rc2b2] [#]} 42. Rb1 Rb3 $2 {[%mdl 8192]} (42... Kb7 $16 43. h5 Qf5) 43. d6 $18 cxd6 44. Qxd6+ Kb7 45. Qd7+ Kb8 46. Qxa4 {Black must now prevent h5.} Kc7 47. Qa7+ (47. h5 $142 Kb6 48. h6) 47... Kc6 48. Qa8+ Kc7 49. Qa5+ Kc6 50. Qa6+ Kc7 51. Qa7+ Kc6 $1 52. Qd4 $2 (52. h5 $18) 52... c3 $1 $11 53. Qc4+ Kd6 $1 {[%cal Rc3b2]} 54. Qd4+ Kc6 $1 55. Qd1 cxb2+ 56. Ka2 {The board is on fire.} Qxd1 57. Rxd1 {KR-KR} Rh3 58. Rd4 Rh2 59. Kb1 Kb5 60. Ka2 Ka5 61. Rg4 Kb5 62. Rf4 Ka5 63. Rb4 Ka6 64. Rg4 Kb5 65. Rf4 Ka5 66. Rf5+ $2 {[%mdl 8192]} (66. a4 $11) 66... Ka4 67. h5 {[%cal Oh5h6]} b1=Q+ 68. Kxb1 Kxa3 {Mate.} 69. Kc1 Kb3 70. Kd1 Kc3 71. Ke1 Kd3 72. Kf1 Ke4 73. Ra5 Kf3 {[%cal Rh2h1]} 74. Kg1 Rh4 75. Ra3+ Kg4 76. Ra4+ Kxh5 77. Rxh4+ Kxh4 {[%mdl 32768] Never resign too early!  Weighted Error Value: White=0.48/Black=0.23 (precise) . An unexpected result.} 1/2-1/2

[Event "DSOL 2022"]
[Site "Germany"]
[Date "2022.02.18"]
[Round "2.3"]
[White "Lagunow, Raphael"]
[Black "Malek, Daniel"]
[Result "1-0"]
[WhiteElo "2385"]
[BlackElo "2348"]
[Annotator "TA"]
[PlyCount "85"]
[EventDate "2022.01.31"]
[EventType "team-tourn"]
[EventCountry "GER"]
[SourceTitle "playchess.com"]
[Source "ChessBase"]
[SourceQuality "1"]
[WhiteTeam "SK Zehlendorf I"]
[BlackTeam "SG AE Magdeburg"]
[WhiteTeamCountry "GER"]
[BlackTeamCountry "GER"]

{[%evp 24,85,0,0,15,4,18,19,0,6,8,7,7,7,21,2,24,7,39,32,28,32,69,27,51,48,86,0,0,0,0,0,101,99,101,101,93,93,92,89,133,130,113,111,442,436,442,425,425,418,423,415,470,445,485,486,492,481,471,452,29977,29975,6398,3397]} 1. e4 e6 2. d4 d5 3. Nd2 c5 4. exd5 Qxd5 5. Ngf3 cxd4 6. Bc4 Qd6 7. O-O Nf6 8. Nb3 Nc6 9. Re1 Be7 10. Nbxd4 Nxd4 11. Nxd4 O-O 12. b3 a6 13. a4 e5 {[#] ...Rd8 is the strong threat. C07: French Tarrasch: 3...c5, 4 Ngf3 and 4 exd5 Qxd5.} 14. Ba3 $146 ({Predecessor:} 14. Nf3 Qxd1 15. Rxd1 Bg4 16. Re1 Bxf3 17. gxf3 Bb4 18. Re2 Bc3 19. Rb1 Nh5 20. Bb2 Bxb2 21. Rxb2 {½-½ (79) Mraz,O (1996)-Vlcek,P (1967) Slovakia 2013}) 14... Qc7 {White must now prevent ...Bxa3.} 15. Bxe7 Qxe7 {The position is equal.} 16. Qe2 e4 17. h3 Bd7 18. Qe3 Qc5 19. Rad1 Rad8 20. g4 {[%cal Od4f5]} h6 21. Nf5 $1 Qxe3 22. Nxe3 Bc6 {Inhibits Nd5.} 23. a5 (23. Nf5 $14) 23... g6 $11 24. Kh2 Nd7 25. Rd6 {White is more active.} (25. Nd5 $16) 25... Ne5 26. Red1 Rxd6 27. Rxd6 Rc8 (27... Kg7 $1 $11 {keeps the balance.}) 28. Kg3 $16 Kf8 29. Kf4 Nxc4 30. Nxc4 {[%mdl 4096] Endgame KRB-KRN} Ke7 31. Ke5 Rf8 {[#]} (31... Be8 $142 32. Rd4 Bc6) 32. Rf6 $1 Rd8 {And now ...Rd5+ would win.} 33. Nd6 {[%csl Gd6][%cal Rf6f7]} Be8 {[%mdl 8192] This move loses the game for Black.} (33... Bd5 $16 {is more resistant.}) 34. c4 Rd7 35. b4 Kf8 36. h4 {[%cal Bh3h4,Bh4g5][%mdl 32]} Re7+ 37. Kd4 Kg7 38. g5 hxg5 39. hxg5 Ba4 40. Nxe4 Bd7 41. Rd6 {Threatens to win with Nf6.} Be6 (41... Bc6 $18) 42. Nf6 Rc7 43. Ne8+ {Weighted Error Value: White=0.07 (flawless) /Black=0.63} 1-0

[Event "DSOL 2022"]
[Site "Germany"]
[Date "2022.02.18"]
[Round "2.3"]
[White "Liedtke, Matthias"]
[Black "Gerland, Felix"]
[Result "1/2-1/2"]
[WhiteElo "2238"]
[BlackElo "2169"]
[Annotator "ChessBase"]
[PlyCount "42"]
[EventDate "2022.01.31"]
[EventType "team-tourn"]
[EventCountry "GER"]
[SourceTitle "playchess.com"]
[Source "ChessBase"]
[SourceQuality "1"]
[WhiteTeam "SG Leipzig"]
[BlackTeam "SK Rinteln I"]
[WhiteTeamCountry "GER"]
[BlackTeamCountry "GER"]
[TimeControl "2700+15"]

1. e4 c5 2. c3 d5 3. exd5 Qxd5 4. d4 Nc6 5. Nf3 Bg4 6. Be2 cxd4 7. cxd4 e6 8. O-O Nf6 9. h3 Bxf3 10. Bxf3 Qd7 11. Be3 Be7 12. Nc3 Rd8 13. Qb3 O-O 14. Rfd1 Na5 15. Qc2 Nc4 16. Qe2 Nb6 17. d5 Nbxd5 18. Nxd5 Nxd5 19. Bxa7 Bf6 20. Bxd5 exd5 21. Bd4 Rfe8 1/2-1/2

[Event "DSOL 2022"]
[Site "Germany"]
[Date "2022.02.18"]
[Round "2.3"]
[White "Schubert, Ralf"]
[Black "Medvedovski, Michael"]
[Result "0-1"]
[WhiteElo "2109"]
[BlackElo "2058"]
[Annotator "ChessBase"]
[PlyCount "102"]
[EventDate "2022.01.31"]
[EventType "team-tourn"]
[EventCountry "GER"]
[SourceTitle "playchess.com"]
[Source "ChessBase"]
[SourceQuality "1"]
[WhiteTeam "SK Dessau I"]
[BlackTeam "Germany"]
[WhiteTeamCountry "GER"]
[BlackTeamCountry "GER"]
[TimeControl "2700+15"]

1. d4 d5 2. Nc3 Nf6 3. Bg5 Nbd7 4. Qd2 h6 5. Bh4 e6 6. O-O-O c5 7. Nf3 Be7 8. e3 a6 9. g4 Nxg4 10. Bxe7 Qxe7 11. Rg1 f5 12. h3 Ngf6 13. dxc5 Nxc5 14. Ne5 Rg8 15. f3 Qc7 16. Qd4 Qe7 17. Be2 Ncd7 18. e4 dxe4 19. fxe4 Qc5 20. Nxd7 Qxd4 21. Rxd4 Bxd7 22. e5 Nd5 23. Bh5+ Ke7 24. Nxd5+ exd5 25. Rxd5 g5 26. Rd6 Be6 27. Rb6 Rab8 28. Rd1 g4 29. Rdd6 Bd7 30. hxg4 fxg4 31. Rxh6 Bc6 32. Rb3 g3 33. Rh7+ Ke6 34. Bf7+ Kxe5 35. Bxg8 Rxg8 36. Rh3 g2 37. Rbg3 Rxg3 38. Rxg3 Kf4 39. Rg7 Bf3 40. Rxg2 Bxg2 41. Kd2 Ke4 42. Kc3 Kd5 43. Kb4 Be4 44. c3 Bb1 45. a4 Bd3 46. b3 Be2 47. Ka3 Ke4 48. Kb2 Kd3 49. b4 Kc4 50. Kc2 Bd3+ 51. Kd2 Bf5 0-1

[Event "DSOL 2022"]
[Site "Germany"]
[Date "2022.02.18"]
[Round "2.3"]
[White "Noack, Mario"]
[Black "Luger, Jens"]
[Result "1/2-1/2"]
[WhiteElo "1938"]
[BlackElo "1943"]
[Annotator "ChessBase"]
[PlyCount "81"]
[EventDate "2022.01.31"]
[EventType "team-tourn"]
[EventCountry "GER"]
[SourceTitle "playchess.com"]
[Source "ChessBase"]
[SourceQuality "1"]
[WhiteTeam "SC Großröhrsdorf"]
[BlackTeam "SV TuR Dresden"]
[WhiteTeamCountry "GER"]
[BlackTeamCountry "GER"]
[TimeControl "2700+15"]

1. c4 d6 2. g3 g6 3. Bg2 Nc6 4. Nc3 Bg7 5. e4 e5 6. Nge2 Nge7 7. d3 O-O 8. O-O f5 9. f4 Be6 10. Be3 Nd4 11. Bf2 fxe4 12. Nxd4 exd4 13. Nxe4 c6 14. Qd2 Nf5 15. Rfe1 Bc8 16. Re2 h6 17. Rae1 c5 18. Qc2 Ne3 19. Bxe3 dxe3 20. Kh1 Bd4 21. Nc3 Bg4 22. Rxe3 Bxe3 23. Rxe3 Re8 24. Qf2 Rxe3 25. Qxe3 Qe8 26. Qf2 Qe7 27. h3 Be6 28. Qf3 Re8 29. g4 Bf7 30. Kh2 Kg7 31. b3 Qe3 32. Ne4 Qxf3 33. Bxf3 Rd8 34. Nc3 b6 35. Kg3 a6 36. Bc6 Kf6 37. a4 Rb8 38. Kf3 Rd8 39. Bb7 a5 40. Bc6 Rc8 41. Bb7 1/2-1/2

[Event "DSOL 2022"]
[Site "Germany"]
[Date "2022.02.18"]
[Round "2.3"]
[White "Schulz, Bernd"]
[Black "Haase, Wolfgang"]
[Result "1-0"]
[WhiteElo "1894"]
[BlackElo "1999"]
[Annotator "ChessBase"]
[PlyCount "65"]
[EventDate "2022.01.31"]
[EventType "team-tourn"]
[EventCountry "GER"]
[SourceTitle "playchess.com"]
[Source "ChessBase"]
[SourceQuality "1"]
[WhiteTeam "ASV Grün-Weiß Wismar"]
[BlackTeam "SVG CAISSA Kassel I"]
[WhiteTeamCountry "GER"]
[BlackTeamCountry "GER"]
[TimeControl "2700+15"]

1. e4 c5 2. c3 d5 3. exd5 Qxd5 4. d4 Nf6 5. Nf3 Bg4 6. Be2 e6 7. O-O cxd4 8. Nxd4 Bxe2 9. Qxe2 Nc6 10. Be3 Be7 11. Rd1 Rd8 12. c4 Qa5 13. Nxc6 Rxd1+ 14. Qxd1 bxc6 15. Nc3 O-O 16. Qa4 Qxa4 17. Nxa4 Rd8 18. Bxa7 Ra8 19. Bc5 Rxa4 20. Bxe7 Rxc4 21. a4 Nd5 22. Bd6 Nb6 23. a5 Na8 24. b4 Rd4 25. Bc5 Rd5 26. a6 f6 27. a7 Kf7 28. Kf1 Ke8 29. Ra6 Kd7 30. Rb6 Nxb6 31. Bxb6 Rd1+ 32. Ke2 Ra1 33. Ba5 1-0

[Event "DSOL 2022"]
[Site "Germany"]
[Date "2022.02.18"]
[Round "2.4"]
[White "Plischki, Sebastian"]
[Black "Nguyen, Alex Dac-Vuong"]
[Result "0-1"]
[WhiteElo "2381"]
[BlackElo "2305"]
[Annotator "ChessBase"]
[PlyCount "88"]
[EventDate "2022.01.31"]
[EventType "team-tourn"]
[EventCountry "GER"]
[SourceTitle "playchess.com"]
[Source "ChessBase"]
[SourceQuality "1"]
[WhiteTeam "SK Rinteln I"]
[BlackTeam "SG Leipzig"]
[WhiteTeamCountry "GER"]
[BlackTeamCountry "GER"]
[TimeControl "2700+15"]

1. d4 Nf6 2. c4 e6 3. Nc3 Bb4 4. Qc2 O-O 5. Nf3 d5 6. a3 Bxc3+ 7. Qxc3 dxc4 8. Qxc4 b6 9. Bg5 Ba6 10. Qa4 Qd7 11. Qc2 c5 12. dxc5 Rc8 13. Bxf6 gxf6 14. Rd1 Qe7 15. h4 Rxc5 16. Qa4 Rc4 17. b4 Bb7 18. Rh3 Rc7 19. Rg3+ Kh8 20. e3 Nd7 21. Be2 Be4 22. Rd2 a5 23. h5 h6 24. bxa5 Rc1+ 25. Rd1 Nc5 26. Qd4 e5 27. Qd2 Rxd1+ 28. Qxd1 Rxa5 29. Qc1 Bd3 30. e4 Kh7 31. Nd2 Bxe2 32. Kxe2 Ra4 33. Rc3 Qd7 34. Qc2 Ne6 35. Kf1 Rd4 36. Nf3 Rd1+ 37. Ne1 Qb5+ 38. Qe2 Qb1 39. Re3 b5 40. Qf3 Kg7 41. g3 Qc1 42. Qe2 Nd4 43. Qg4+ Kf8 44. Qd7 Ne2 0-1

[Event "DSOL 2022"]
[Site "Germany"]
[Date "2022.02.18"]
[Round "2.4"]
[White "Roseneck, Jonas"]
[Black "Baskin, Robert"]
[Result "1-0"]
[WhiteElo "2376"]
[BlackElo "2383"]
[Annotator "ChessBase"]
[PlyCount "85"]
[EventDate "2022.01.31"]
[EventType "team-tourn"]
[EventCountry "GER"]
[SourceTitle "playchess.com"]
[Source "ChessBase"]
[SourceQuality "1"]
[WhiteTeam "SG AE Magdeburg"]
[BlackTeam "SK Zehlendorf I"]
[WhiteTeamCountry "GER"]
[BlackTeamCountry "GER"]
[TimeControl "2700+15"]

1. e4 c5 2. Nf3 d6 3. d4 cxd4 4. Nxd4 Nf6 5. Nc3 a6 6. h3 e5 7. Nb3 Be7 8. Be3 Nbd7 9. a4 b6 10. g4 h6 11. Bg2 Bb7 12. h4 Rc8 13. Nd2 Rxc3 14. bxc3 Qa8 15. f3 d5 16. g5 Nh5 17. exd5 Bxd5 18. c4 Bc6 19. Ne4 Bxe4 20. fxe4 Bb4+ 21. Kf2 Nf4 22. Bxf4 exf4 23. Qd5 Bc5+ 24. Ke2 Qxd5 25. cxd5 Ne5 26. Raf1 Be3 27. Rh3 Ke7 28. Rxe3 fxe3 29. Kxe3 hxg5 30. hxg5 Rc8 31. Rb1 Rxc2 32. Bf1 Ra2 33. Rxb6 Ra3+ 34. Kd4 Nf3+ 35. Kc5 Nxg5 36. e5 Rxa4 37. Bxa6 Ra1 38. Bc4 Ra8 39. Rb7+ Kd8 40. d6 Rc8+ 41. Kd5 Ra8 42. Bb5 Rc8 43. Re7 1-0

[Event "DSOL 2022"]
[Site "Germany"]
[Date "2022.02.18"]
[Round "2.4"]
[White "Wessendorf, Thomas"]
[Black "Carow, Johannes"]
[Result "0-1"]
[WhiteElo "2247"]
[BlackElo "2449"]
[Annotator "TA"]
[PlyCount "78"]
[EventDate "2022.01.31"]
[EventType "team-tourn"]
[EventCountry "GER"]
[SourceTitle "playchess.com"]
[Source "ChessBase"]
[SourceQuality "1"]
[WhiteTeam "SF Essen-Katernberg"]
[BlackTeam "SF Heidesheim I"]
[WhiteTeamCountry "GER"]
[BlackTeamCountry "GER"]

{[%evp 16,78,27,3,25,0,0,0,0,0,0,0,0,0,0,0,49,20,49,0,24,0,18,18,18,17,14,-60,-52,-63,-66,-231,-223,-212,-207,-213,-220,-214,-203,-297,-293,-370,-379,-541,-349,-408,-296,-295,-296,-423,-417,-483,-464,-489,-432,-428,-426,-402,-302,-578,-564,-684,-678,-5875,-5827]} 1. e4 c5 2. Nf3 e6 3. g3 Nc6 4. Bg2 Nf6 5. d3 Be7 6. O-O O-O 7. Re1 d6 8. c3 Bd7 9. d4 cxd4 {B30: Sicilian: 2...Nc6 3 Bb5, lines without ...g6.} 10. cxd4 d5 11. e5 Ne4 {The position is equal.} 12. Nbd2 Nxd2 13. Bxd2 Qb6 {13...Rc8 is more advanced technology.} 14. Bc3 Rac8 15. Qd2 Rc7 (15... Bb4 $11 {is superior.}) 16. h4 {[#]} a5 $146 ({Predecessor:} 16... Bb4 17. h5 Bxc3 18. bxc3 Rcc8 19. h6 g6 20. Rab1 Qc7 {1-0 (41) Maj,K (2051)-Bus,K (2108) Ustron 2015}) 17. Nh2 (17. Bf1 $14) 17... Qa7 18. Bf1 b5 19. Bxb5 Nxe5 20. Rxe5 {[#] Bxd7 is the strong threat.} Bxb5 21. a4 (21. Bxa5 $11 Rc4 22. Nf3) 21... Bd7 $1 $15 22. Bxa5 Rc4 {[%csl LRa4,LRd4]} 23. b3 $2 {Loses the game.} ({Better is} 23. Nf3 $15) 23... Rxd4 $19 24. Qe1 Rd3 {[%csl LRb3,LRg3]} 25. Re3 Rxe3 26. fxe3 d4 27. Bd2 (27. Rc1 $142 Rb8 28. Rc7) 27... Bc6 {[%cal Bd7c6,Bc6a8,Ba8e4][%mdl 32]} 28. Rc1 Ba8 {A strong pair of Bishops.} 29. e4 (29. Qf2 $142) 29... Qb7 30. Nf3 Qxb3 31. Nxd4 Qxa4 32. Qf2 (32. Qe3 {was necessary.}) 32... Bf6 33. Be3 Bxe4 34. Ne2 Ba8 35. Kh2 Qe4 {And now ...h6 would win.} 36. Nf4 Be5 {Threatens to win with ...f6.} 37. Kh3 $2 {[#]} (37. Ng2 {was worth a try.}) 37... h6 {Black is clearly winning.} 38. Re1 Rc8 {Strongly threatening ...Rc2.} 39. Bc5 Qf5+ {Weighted Error Value: White=0.86/Black=0.20 (precise)} 0-1

[Event "DSOL 2022"]
[Site "Germany"]
[Date "2022.02.18"]
[Round "2.4"]
[White "Hagner, Bennet"]
[Black "Matthey, Harald"]
[Result "1-0"]
[WhiteElo "2151"]
[BlackElo "2098"]
[Annotator "TA"]
[PlyCount "93"]
[EventDate "2022.01.31"]
[EventType "team-tourn"]
[EventCountry "GER"]
[SourceTitle "playchess.com"]
[Source "ChessBase"]
[SourceQuality "1"]
[WhiteTeam "Frankfurter TV"]
[BlackTeam "SK Dessau I"]
[WhiteTeamCountry "GER"]
[BlackTeamCountry "GER"]

{[%evp 12,93,46,42,43,37,58,11,40,-18,-17,-18,-8,-7,-8,-16,-16,-15,-20,-11,4,0,0,-9,10,9,13,13,12,9,6,4,21,0,0,-54,-10,-6,-8,-9,-12,-11,-3,-8,-10,-125,-125,-125,-128,-127,-123,-227,0,0,0,0,8,8,8,8,9,8,5,0,43,12,12,13,304,280,410,410,410,410,1129,909,1143,1066,6004,3096,7200,4714,4706,2569]} 1. e4 {[%cal Be2e4,Be4e5][%mdl 32]} Nf6 2. e5 Nd5 3. d4 Nb6 4. c4 d6 5. f4 g6 6. Nc3 Bg7 7. Be3 $1 Be6 {B03: Alekhine's Defence: Four Pawns Attack.} 8. b3 {is cutting edge theory.} O-O 9. Nf3 (9. Qd2 $14) 9... c5 {The position is equal.} 10. dxc5 (10. d5 $14 Bg4 11. Rc1) 10... N6d7 $1 $11 {[%csl LRc5,LRe5][%cal Rd6e5]} 11. cxd6 exd6 12. Qd2 dxe5 13. Be2 Nc6 {[#]} ({But not} 13... e4 14. Ng5 $14) 14. Rd1 $146 ({Predecessor:} 14. Rc1 exf4 15. Bxf4 Nc5 16. Qxd8 Raxd8 17. Be3 Nd3+ 18. Bxd3 Rxd3 19. Nd1 Re8 20. Kf2 {½-½ (59) Sevian,S (2168)-Taylor,T (2296) Los Angeles 2011}) 14... exf4 15. Bxf4 Qa5 16. Nd5 Qxd2+ 17. Rxd2 ({Much weaker is} 17. Kxd2 Nc5 18. Ke1 Rad8 $15) 17... Bxd5 18. cxd5 Nb4 {And now ...Bc3 would win.} 19. a3 Na6 20. Bxa6 bxa6 21. O-O Rac8 {To avoid Rc2} 22. Bd6 Rfe8 23. Ng5 ({White should play} 23. Rfd1 $11) 23... Bh6 (23... Bf6 $15 24. Nf3 Re3) 24. Bf4 $1 {[%cal Og5f7]} Bf8 25. d6 f6 26. Nf3 Rc3 27. Nd4 Re4 28. Bg3 (28. Rb1 $11) 28... Bh6 $17 29. Rdd1 {[#]} Rxg3 $1 {[%mdl 512]} 30. hxg3 Be3+ 31. Kh2 (31. Kh1 $17 Rxd4 32. Rxd4 Bxd4 33. Re1) 31... Bxd4 $2 (31... Rxd4 $19 32. Rxd4 Bxd4) 32. Rf4 $11 Rxf4 33. gxf4 Bb6 34. Re1 {Hoping for Re8+.} Kf8 {To avoid Re8+} 35. Re7 Nc5 36. b4 $1 Nd3 37. Kg3 h5 (37... Nb2 $11) 38. Kf3 {[%mdl 1024] White has compensation.} (38. Re2 $5 {[%cal Rd6d7]} h4+ 39. Kf3 $11) 38... f5 39. g3 Nf2 $2 {[%mdl 8192] [#]} (39... Nb2 $1 $11 {and Black is okay.}) 40. a4 $1 $18 {[%cal Ba3a4,Ba4a5][%mdl 32] a5 is the strong threat.} Ne4 {[#]} (40... Nd3 {was called for.}) 41. a5 $1 Bd4 42. Re6 {aiming for d7.} Bf6 (42... Nf6 $142 43. d7 Nxd7) 43. d7 {[%cal Oe6f6] Threatens to win with Rxf6+! White is clearly winning.} Be7 44. Rxa6 Nf6 45. Rxa7 {a6 would kill now.} Bd8 46. a6 {White threatens Rb7 and mate.} Ke7 47. Rb7 {White used his chance.  Weighted Error Value: White=0.16 (very precise) /Black=0.35} 1-0